|
|
|
|
| LEADER |
00000nam a2200000 a 4500 |
| 001 |
vtls008358727 |
| 003 |
SK-MaSNL |
| 005 |
20260301140757.0 |
| 008 |
190102s1974 xo 000 slo |
| 015 |
|
|
|a SKSNBA1974/08-02256
|
| 035 |
|
|
|a SK01SNK19740050944
|
| 035 |
|
|
|a SKM000053407
|
| 040 |
|
|
|a SNK
|b slo
|c SNK
|e AACR2
|
| 041 |
1 |
|
|a slo
|a rus
|
| 044 |
|
|
|a xo
|c SK
|
| 080 |
|
|
|a 372.880.82(075.2)
|2 1981
|
| 100 |
1 |
|
|a Dianovský, Ján
|4 aut
|9 307641
|
| 245 |
1 |
0 |
|a Ruský jazyk pre 5. ročník ZDŠ
|b doplnkový materiál
|c autorsky priprav. Ján Dianovský ; ilustr. Richard Dubovský
|
| 260 |
|
|
|a Bratislava
|b Slovenské pedagogické nakladateľstvo
|c 1974
|e Košice
|f Východoslovenské tlačiarne
|
| 300 |
|
|
|a 70, [2] s.
|c 8°
|
| 500 |
|
|
|a Noty
|
| 563 |
|
|
|a 71000 výtl.
|
| 650 |
0 |
7 |
|a ruština
|2 SNK
|9 1346
|
| 655 |
|
7 |
|a učebnice
|2 SNKPH
|9 22521
|
| 700 |
1 |
|
|a Dubovský, Richard
|4 ill
|9 351850
|
| 852 |
|
|
|a Slovenská národná knižnica v Martine
|b 10000
|h SC 34626
|
| 852 |
|
|
|a Slovenská národná knižnica v Martine
|b 10000
|h SC 34626 D1
|
| 958 |
|
|
|a OND
|
| 958 |
|
|
|a RK
|
| 958 |
|
|
|a TL
|
| 958 |
|
|
|a UX
|
| 999 |
|
|
|c 765002
|d 766932
|
| 952 |
|
|
|a SNK
|b SNK
|y VYP
|7 0
|p 17A1079547
|o snkSC 34626 D1
|i snkKSP 6227/74
|0 0
|1 0
|4 0
|d 2015-09-04
|l 0
|r 2026-02-24 00:16:37
|w 2026-02-24
|